000 00723nam a2200205 a 4500
001 2598
005 20140414131920.0
008 050607s19uu xx 00 eng d
020 _a0-688-11449-0
050 _aER
_bOw2 1993
100 _aHenkes, Kevin
245 _aOwen /
_cKevin Henkes.
260 _aNew York :
_bGreenwillo Books,
_c1993.
300 _a1 v. p. : ill. ; cm.
440 _aWeekly Reader Children's Book Club presents
520 _aOwen's parents try to get him to give up his favorite blanket before she starts school, but when their efforts fail, they come up with a solution that makes everyone happy.
650 _aBlankets
_xFiction.
650 _aParent and child
_xFiction.
999 _c111721
_d111721